Años 70 : literatura.
Gespeichert in:
| Format: | Unbekannt |
|---|---|
| Sprache: | Portuguese |
| Veröffentlicht: |
Río de Janeiro :
Europa ,
[1975].
|
| Schlagworte: | |
| Tags: |
Tag hinzufügen
Keine Tags, Fügen Sie den ersten Tag hinzu!
|
MARC
| LEADER | 000000000a22000000004500 | ||
|---|---|---|---|
| 001 | 002597 | ||
| 041 | 0 | |a por | |
| 082 | 0 | 4 | |a 800 |b A615a |
| 245 | 0 | 0 | |a Años 70 : |b literatura. |
| 246 | 3 | |n Anós setenta : literatura | |
| 260 | 1 | |a Río de Janeiro : |b Europa , |c [1975]. | |
| 300 | |a 122 páginas : |b ilustraciones | ||
| 505 | |a Contenido: Política e literatura: a ficcao da realidade brasileira / Heloísa Buarque de Hollanda -- Poesía vírgula viva / Armandao Freitas Filho | ||
| 500 | |a (Colección George Yúdice) | ||
| 650 | 4 | |a LITERATURA | |
| 650 | 4 | |a BRASIL | |
| 999 | |c 8978 |d 8978 | ||
| 942 | |c BK |h 800 A615a |2 z | ||
